000 00573nam a2200169Ia 4500
003 GCL
008 140319s9999 xx 000 0 ara d
040 _aGCL /
_cGCL
082 0 4 _a810.9
_bح ه
100 1 _aحنا مينة
245 1 0 _aهواجس فى التجربة الروائية (هدية من الاديب عبدالفتاح الجمل) /
_cحنا مينة
300 _a175 ص
490 _aالهيئة العامة للاستعلامات
_v0
650 0 4 _aالادب العربى
650 0 4 _aالادب العربى - تاريخ ونقد
942 _2ddc
_cBK
999 _c47476
_d47476